| 000 | 01039cam a2200349 a 4500 | ||
|---|---|---|---|
| 001 | 53816 | ||
| 005 | 20230410143420.0 | ||
| 008 | 061221s2003 cl ab b 001 0 spa c | ||
| 010 | _a 2006509155 | ||
| 035 | _a(OCoLC)ocm62720450 | ||
| 040 |
_aUBY _cUBY _dDLC _dPL# |
||
| 020 | _a9568303049 | ||
| 020 | _a9789568303044 | ||
| 029 | 1 |
_aPL# _b060026638 |
|
| 035 | _a(OCoLC)62720450 | ||
| 042 | _apcc | ||
| 043 | _as-cl--- | ||
| 050 | 1 | 4 |
_aF3081 _b.D278b 2003 |
| 082 | 0 | 0 |
_a983 _222 |
| 049 | _aGRAL | ||
| 100 | 1 | _aDe Ramón, Armando. | |
| 240 | 1 | 0 | _aBreve historia de Chile |
| 245 | 1 | 0 |
_aHistoria de Chile : _bdesde la invasión incaica hasta nuestros dias (1500-2000) / _cArmando de Ramón. |
| 260 |
_aSantiago de Chile : _bCatalonia, _c2003. |
||
| 300 |
_a316 p. : _bill., maps ; _c22 cm. |
||
| 504 | _aIncludes bibliographical references (p. 309-316) and index. | ||
| 651 | 0 |
_aChile _xHistory. |
|
| 938 |
_aPuvill Libros _bPUVL _n9789568303044 _c$48.03 |
||
| 942 |
_2lcc _cbk |
||
| 994 |
_aC0 _bDRFGD |
||
| 946 | _aLspaulino | ||
| 999 |
_c101266 _d101266 |
||